| 000 | 00514ntaaa2200193 4500 | ||
|---|---|---|---|
| 003 | 01 | ||
| 005 | 20251027201910.0 | ||
| 008 | 0714s1973 ag 01 | ||
| 040 |
_aAR-BaBN _bspa _cAR-BaBN _eaacr _dRIC |
||
| 082 | _a244.1000 M79 | ||
| 100 |
_aMora, Alicia _917524 |
||
| 245 | _aFeliz viaje | ||
| 250 |
_a1 ed. : _bJunta Bautista de Publicaciones, _cn.f. |
||
| 300 | _a19 p. | ||
| 500 | _a"colección lecturas infantiles" | ||
| 650 | _aColección Lecturas Infantiles | ||
| 700 | _aLaurencena, Martha | ||
| 942 | _cBK | ||
| 999 |
_c13705 _d13705 |
||